| 000 | 00358nam a2200133Ia 4500 | ||
|---|---|---|---|
| 008 | 240624s9999 xx 000 0 und d | ||
| 041 | _aeng | ||
| 082 | _a302.2 BER | ||
| 100 | _aBERGER ARTHUR ASA | ||
| 245 | _aOBJECTS OF AFFECTION SEMIOTICS AND CONSU | ||
| 260 |
_c2010 _aNew York _bPalgrave Macmillan |
||
| 300 | _axiii, 198 p.; 23 cm. | ||
| 365 |
_cBPS _b38 |
||
| 999 |
_c30692 _d30692 |
||